| 000 | 00842nam a22002535i 4500 | ||
|---|---|---|---|
| 999 |
_c29051 _d29022 |
||
| 003 | EG-ScBUE | ||
| 005 | 20201214123713.0 | ||
| 008 | 201214s2019 ua g 000 f ara d | ||
| 017 | _a2017 / 29342 | ||
| 020 | _a9789770934562 | ||
| 040 |
_aEG-ScBUE _bara _erda _cEG-ScBUE _dEG-ScBUE |
||
| 082 | 0 | 4 |
_a892.737 _bت و ف _222 |
| 100 | 1 |
_aتوفيق، أحمد خالد، _d1962-2018، _eمؤلف. |
|
| 245 | 1 | 0 |
_aشآبيب / _cأحمد خالد توفيق. |
| 250 | _aالطبعة الرابعة. | ||
| 264 | 1 |
_aالقاهرة : _bدار الشروق، _c2019. |
|
| 300 |
_a329 صفحة ؛ _c22 سم |
||
| 336 |
_aنص _btxt _2rdacontent |
||
| 337 |
_aبدون وسيط _bn _2rdamedia |
||
| 338 |
_aمجلد _bnc _2rdacarrier |
||
| 650 | 7 |
_aالقصص العربية _yقرن 21. _2BUEsh |
|
| 653 |
_bARALIT _bGGEN _cDecember2020 |
||
| 942 | _2ddc | ||